[Event "39th Olympiad Women"]
[Site "Khanty-Mansiysk RUS"]
[Date "2010.09.27"]
[Round "6"]
[White "Melia,S"]
[Black "Abrahamyan,T"]
[Result "1-0"]
[WhiteElo "2439"]
[BlackElo "2352"]

1.e4 e6 2.d4 d5 3.Nd2 Be7 4.Ngf3 Nf6 5.Bd3 c5 6.c3 cxd4 7.cxd4 dxe4 8.Nxe4 Nc6
9.O-O O-O 10.Be3 Nb4 11.Nxf6+ Bxf6 12.Be4 Nd5 13.Qd3 g6 14.Bh6 Re8 15.Ne5 b6
16.Qf3 Bb7 17.Bg5 Kg7 18.h4 Qe7 19.Bxf6+ Qxf6 20.Qg4 Rac8 21.h5 Red8 22.Rfe1 Rc7
23.Rad1 Qf4 24.Bxd5 Qxg4 25.Nxg4 Bxd5 26.h6+ Kf8 27.Rc1 Rb7 28.a3 Ke7 29.Rc3 g5
30.Rec1 Be4 31.f3 Bd5 32.Rc7+ Rd7 33.Rc8 Bb3 34.Ne5 Kf6 35.Nxd7+ Rxd7 36.Rh8 Rxd4
37.Rxh7 Rd8 38.Rc7 e5 39.Rg7 Ra8 40.Kf2 Be6 41.Ke3 Bd5 42.b4 Be6 43.a4 Bb3
44.Rc6+ Be6 45.Rxe6+ Kxe6 46.Rxg5 Rh8 47.Rh5 Kf6 48.h7 Kg6 49.g4 f6 50.Ke4 a6
51.Rh1 Kg5 52.Rh2 Kg6 53.Rh5  1-0

[Event "EYCC Girls U14"]
[Site "Batumi GEO"]
[Date "2010.09.28"]
[Round "9"]
[White "Styazhkina,A"]
[Black "Fataliyeva,U"]
[Result "1/2-1/2"]
[WhiteElo "1974"]
[BlackElo "1959"]

1.e4 e6 2.d4 d5 3.Nd2 Be7 4.Bd3 c5 5.dxc5 Nf6 6.Qe2 Bxc5 7.Ngf3 Nc6 8.O-O Qc7
9.c3 b6 10.h3 Bb7 11.e5 Nh5 12.Re1 Nf4 13.Qf1 Nxd3 14.Qxd3 h6 15.Nb3 O-O
16.Bf4 a5 17.Qd2 Kh7 18.Nh2 Ne7 19.Ng4 Nf5 20.Rad1 a4 21.Nd4 Bxd4 22.cxd4 Qc4
23.Ne3 Nxe3 24.Rxe3 Rfc8 25.Rf3 Qc2 26.Bxh6 Qxd2 27.Bxd2 Rc2 28.Rxf7 Ba6
29.Bb4 Rxb2 30.a3 Rc8 31.Ra7 Bb5 32.Re7  1/2-1/2

[Event "39th Olympiad Women"]
[Site "Khanty-Mansiysk RUS"]
[Date "2010.09.28"]
[Round "7"]
[White "Fierro Baquero,M"]
[Black "Cordero,D"]
[Result "1-0"]
[WhiteElo "2368"]
[BlackElo "2055"]

1.e4 e6 2.d4 d5 3.Nd2 Be7 4.c3 c5 5.dxc5 Bxc5 6.Bd3 Nf6 7.Qe2 Nc6 8.Ngf3 Qc7
9.O-O dxe4 10.Nxe4 Nxe4 11.Qxe4 Bd7 12.Bf4 Bd6 13.Bxd6 Qxd6 14.Rfd1 O-O-O
15.b4 Qc7 16.b5 Ne7 17.c4 Qc5 18.Ne5 Rhf8 19.Bf1 Qc7 20.c5 Nd5 21.Rdc1 f5
22.Qe1 Kb8 23.Rab1 Rc8 24.b6 axb6 25.cxb6 Qd6 26.Nxd7+ Qxd7 27.Qa5 Nf6  1-0

[Event "39th Olympiad Women"]
[Site "Khanty-Mansiysk RUS"]
[Date "2010.09.28"]
[Round "7"]
[White "Gara,T"]
[Black "Gunina,V"]
[Result "0-1"]
[WhiteElo "2348"]
[BlackElo "2465"]

1.e4 e6 2.d4 d5 3.Nd2 a6 4.Ngf3 c5 5.exd5 exd5 6.Be2 Nf6 7.O-O cxd4 8.Re1 Be7
9.Nxd4 O-O 10.N2f3 Re8 11.Bf4 Nc6 12.c3 Bd6 13.Bxd6 Qxd6 14.Qc2 Bg4 15.Rad1 Bxf3
16.Nxf3 Rac8 17.Qd2 Qc5 18.Nd4 Ne4 19.Qf4 Nxd4 20.Rxd4 Qb6 21.Rb4 Qc6 22.h3 Nc5
23.Qd2 Qe6 24.Rd4 Rcd8 25.c4 Ne4 26.Qe3 Qf6 27.Rxd5 Rxd5 28.cxd5 Nd6 29.Qg3 g6
30.b3 Nf5 31.Qf4 g5 32.Qg4 Nd4 33.d6 Qxd6 34.f4 Qe7 35.Kh2 Nxe2 36.fxg5 Qd6+
37.g3 Qd2  0-1

[Event "39th Olympiad Women"]
[Site "Khanty-Mansiysk RUS"]
[Date "2010.09.29"]
[Round "8"]
[White "Jennitha,A"]
[Black "Vargas,Ga"]
[Result "1/2-1/2"]
[WhiteElo "1966"]
[BlackElo "2085"]

1.e4 e6 2.d4 d5 3.Nd2 Nc6 4.Ngf3 Nf6 5.e5 Nd7 6.c3 f6 7.exf6 Qxf6 8.Nb3 Bd6
9.Bg5 Qf7 10.Be3 O-O 11.Bd3 Nf6 12.Qc2 e5 13.dxe5 Nxe5 14.Nxe5 Bxe5 15.O-O-O b6
16.Nd2 c5 17.Nf3 Bc7 18.Bf5 Qh5 19.Bxc8 Raxc8 20.h3 Rfd8 21.Bg5 Qf7 22.Kb1 Rd7
23.Bxf6 Qxf6 24.Qa4 Qf5+ 25.Ka1 Bb8 26.Qg4 Rf8 27.Qxf5 Rxf5 28.Rhe1 h6 29.Kb1 Kf7
30.Kc2 Re7 31.Rxe7+ Kxe7 32.Re1+ Kf7  1/2-1/2

[Event "39th Olympiad Women"]
[Site "Khanty-Mansiysk RUS"]
[Date "2010.09.29"]
[Round "8"]
[White "Paridar,S"]
[Black "Cosma,E"]
[Result "1/2-1/2"]
[WhiteElo "2242"]
[BlackElo "2360"]

1.e4 e6 2.d4 d5 3.Nd2 a6 4.c3 c5 5.dxc5 Bxc5 6.Bd3 Nf6 7.Qe2 Nc6 8.Ngf3 O-O
9.O-O Ba7 10.Bc2 Re8 11.h3 h6 12.Rd1 Qc7 13.Re1 Bd7 14.e5 Nh7 15.Nb3 f5 16.h4 Rac8
17.Be3 Bxe3 18.Qxe3 Qd8 19.Nc5 Rc7 20.Rad1 Qe7 21.Nb3 Rd8 22.Qc5 Be8 23.Qxe7 Rxe7
24.Nfd4 g5 25.hxg5 hxg5 26.Nc5 Nxd4 27.Rxd4 Nf8 28.Bb3 Rc8 29.Nd3 Bb5 30.Nc1 Ng6
31.a4 Bc4 32.Bc2 a5 33.Bd3 Rh7 34.Bxc4 Rxc4 35.Nb3 Rh4 36.Nxa5 Rhxd4 37.cxd4 Rxa4
38.Nxb7 Rxd4 39.Nd8 Nf8 40.Rb1 Rb4 41.f3 Rb8 42.Nc6 Rb6 43.Nd4 Kf7 44.Rc1 Rxb2
45.Rc7+ Kg6 46.Nc6 f4 47.Ne7+ Kh6 48.Ng8+ Kg6 49.Ne7+ Kh6  1/2-1/2

[Event "39th Olympiad Women"]
[Site "Khanty-Mansiysk RUS"]
[Date "2010.09.29"]
[Round "8"]
[White "Saduakassova,D"]
[Black "Giulian,R"]
[Result "1-0"]
[WhiteElo "2142"]
[BlackElo "1990"]

1.e4 e6 2.d4 d5 3.Nd2 a6 4.Ngf3 c5 5.dxc5 Bxc5 6.Bd3 Nc6 7.O-O Nge7 8.a3 Ng6
9.b4 Ba7 10.Nb3 dxe4 11.Bxe4 Qc7 12.Bb2 O-O 13.Qd2 Nce7 14.Rad1 e5 15.Rfe1 f6
16.Qd6 Qxd6 17.Rxd6 Rb8 18.c4 Kf7 19.Na5 f5 20.Bb1 e4 21.Ng5+ Kg8 22.c5 h6
23.Ba2+ Kh8 24.Ne6 Bxe6 25.Bxe6 b6 26.cxb6 Rxb6 27.Red1 Rxd6 28.Rxd6 e3 29.fxe3 Bxe3+
30.Kf1 Bf4 31.Rxa6 Rd8 32.Bc3 Rd3 33.Be1 Rxa3 34.g3 Bg5 35.b5 Ra1 36.Nc4 Rxa6
37.bxa6 Nc6 38.Na5 Nge7 39.Nxc6 Nxc6 40.Bd7 Na7 41.Bf2  1-0

[Event "39th Olympiad Women"]
[Site "Khanty-Mansiysk RUS"]
[Date "2010.09.29"]
[Round "8"]
[White "Velcheva,M"]
[Black "Rudolf,An"]
[Result "1/2-1/2"]
[WhiteElo "2272"]
[BlackElo "2366"]

1.e4 e6 2.d4 d5 3.Nd2 Be7 4.Bd3 c5 5.dxc5 Nf6 6.Qe2 O-O 7.Ngf3 a5 8.a4 Na6
9.e5 Nd7 10.c3 Naxc5 11.Bc2 b6 12.Nd4 Ba6 13.Nb5 f6 14.exf6 Bxf6 15.O-O e5
16.b4 axb4 17.cxb4 e4 18.Ra3 Ne6 19.Nxe4 Nd4 20.Nxf6+ Nxf6 21.Qd3 Nxc2 22.Qxc2 Qd7
23.Qd3 Rfc8 24.Bb2 Bxb5 25.axb5 Rxa3 26.Bxa3 Rc4 27.Rd1 Qxb5 28.h3 Qc6 29.Qf5 Re4
30.Qf3 Qe6 31.Bb2 Re1+ 32.Rxe1 Qxe1+ 33.Kh2 Qxb4 34.Bxf6 gxf6 35.Qxd5+ Kg7
36.Qd7+ Kg6 37.Qe8+ Kh6 38.Qe3+ Kg7 39.Qg3+ Kf7 40.Qc7+ Ke6 41.Qxh7 Qf4+
42.Kg1 Qc1+ 43.Kh2 Qf4+ 44.Kg1 Qc1+ 45.Kh2 Qf4+  1/2-1/2

[Event "OIS"]
[Site "Munich GER"]
[Date "2010.09.29"]
[Round "5"]
[White "Kurz,C"]
[Black "Deglmann,L"]
[Result "1-0"]
[WhiteElo "2141"]
[BlackElo "2397"]

1.e4 e6 2.d4 d5 3.Nd2 a6 4.Ngf3 c5 5.dxc5 Bxc5 6.Bd3 Nc6 7.c3 Nf6 8.Qe2 dxe4
9.Nxe4 Nxe4 10.Bxe4 h6 11.Bf4 O-O 12.O-O Qf6 13.Bg3 Rd8 14.Rad1 Bf8 15.Bc2 Rxd1
16.Rxd1 g6 17.Ne5 Nxe5 18.Bxe5 Qg5 19.g3 b5 20.h4 Qe7 21.h5 Bb7 22.hxg6 f5
23.g7 Bxg7 24.Bxg7 Kxg7 25.Bxf5 Re8 26.Qe5+ Kg8 27.Be4 Bxe4 28.Qxe4 Qf6 29.Rd7 Re7
30.Rd8+ Kg7 31.Qg4+ Qg5 32.Qxg5+ hxg5 33.Ra8 Rd7 34.Rxa6 Rd2 35.Rxe6 Rxb2
36.Rb6 Rxa2 37.Rxb5 Kf6 38.Rc5 g4 39.Rc8 Rc2 40.c4 Ke6 41.Rc5 Kd6 42.Rd5+ Ke6
43.Rd4 Rc1+ 44.Kg2 Kf5 45.Rd5+ Ke6 46.Rd4 Kf5 47.Rf4+ Kg5 48.Kh2 Kh5 49.Rd4 Kg5
50.Rd5+ Kf6 51.c5 Kg6 52.Kg2 Kf6 53.f4 gxf3+ 54.Kxf3 Rc3+ 55.Kg4 Rc4+ 56.Kh3 Ke6
57.Rh5 Rc1 58.g4 Kf6 59.Rf5+ Kg6 60.Kg3 Rc3+ 61.Kf4 Rc4+ 62.Kf3 Kg7 63.Rd5 Kf7
64.Kg3 Ke6 65.Rf5 Rc3+ 66.Kf4 Rc1 67.Kg5 Rc4 68.Rf6+ Ke5 69.Rc6 Kd5 70.Rc8 Ke6
71.c6 Kf7 72.Kh5 Rc1 73.Rc7+ Kg8 74.Kg6 Kf8 75.Rc8+ Ke7 76.c7 Kd7 77.Rd8+ Kxc7
78.Rd2  1-0

[Event "39th Olympiad Women"]
[Site "Khanty-Mansiysk RUS"]
[Date "2010.09.30"]
[Round "9"]
[White "Ghader Pour,S"]
[Black "Wilson,A"]
[Result "1/2-1/2"]
[WhiteElo "2206"]
[BlackElo "2047"]

1.e4 e6 2.d4 d5 3.Nd2 Be7 4.Bd3 Nf6 5.e5 Nfd7 6.c3 c5 7.Ne2 b6 8.Nf3 Ba6
9.Bxa6 Nxa6 10.h4 cxd4 11.cxd4 Nb4 12.a3 Nc6 13.Bg5 O-O 14.Qd3 f6 15.exf6 Bxf6
16.O-O e5 17.Qb5 Nxd4 18.Qxd5+ Kh8 19.Nexd4 exd4 20.Nxd4 Nc5 21.Qxd8 Raxd8
22.Bxf6 Rxf6 23.Nf3 h6 24.Rad1 Rdf8 25.b4 Na4 26.Rfe1 Kg8 27.h5 g5 28.hxg6 Rxg6
29.Re7 Rxf3 30.Rxa7 Nc3 31.Re1 Nd5 32.Re5 Nc3 33.Rc7 Nd1 34.Re2 Rf7 35.Rxf7 Kxf7
36.Rc2 Re6 37.Kf1 Ke7 38.a4 Re4 39.a5 Rxb4 40.axb6 Rxb6 41.Ke2 Nb2 42.g4 Re6+
43.Kf3 Nd3 44.Kg3 Kf6 45.Rc3 Rd6 46.f4 Rd4 47.Rc6+ Kg7  1/2-1/2

[Event "39th Olympiad Women"]
[Site "Khanty-Mansiysk RUS"]
[Date "2010.09.30"]
[Round "9"]
[White "Karsokaite,I"]
[Black "Chen,E"]
[Result "0-1"]
[WhiteElo "1660"]
[BlackElo "1966"]

1.e4 e6 2.d4 d5 3.Nd2 Be7 4.Bd3 c5 5.dxc5 Nf6 6.Ngf3 dxe4 7.Nxe4 Nxe4 8.Bxe4 Qxd1+
9.Kxd1 Bxc5 10.Ke2 O-O 11.Rd1 Nd7 12.Bxb7 Bxb7 13.Rxd7 Bc6 14.Rd2 f6 15.a3 Bb6
16.b4 Ba4 17.Bb2 Rfc8 18.Rc1 Bb5+ 19.Ke1 e5 20.g3 Rc4 21.Ng1 e4 22.Rd6 e3
23.Rxb6 exf2+ 24.Kxf2 axb6 25.Nf3 Rd8 26.Kg1 Re4 27.Re1 Rxe1+ 28.Nxe1 Rd1
29.Bc3 Ba4 30.Kf2 Rd7 31.Ke3 Kf7 32.Bd4 Rd6 33.c4 Ke6 34.c5 bxc5 35.Bxc5 Rd1
36.Nf3 Kd5 37.Bf8 g6 38.Be7 f5 39.Bc5 Ra1 40.Kf4 Rxa3 41.Ng5 h5 42.Nf3 Ra2
43.Nh4 Be8 44.Nf3 Re2 45.h3 Bb5 46.Kg5 Be8 47.Kf4 Re4+ 48.Kg5 Rc4 49.Nh4 Rc3
50.Kf4 g5+ 51.Kxg5 Rxg3+ 52.Kxf5 Rxh3 53.Kg5 Rg3+ 54.Kh6 Ke6 55.Bf2 Rg4 56.Be1 Rg1
57.Bf2 Rf1 58.Bg3 Rb1 59.Ng6 Rxb4 60.Nf4+ Kf5 61.Nd5 Re4 62.Nc7 Bg6 63.Nd5 h4
64.Bxh4 Rxh4+ 65.Kg7 Rh7+ 66.Kg8 Ra7 67.Ne3+ Kg5 68.Nd5 Kh6 69.Kf8 Bh5 70.Nc3 Bf3
71.Nb5 Rd7 72.Nc3 Bc6 73.Ne2 Kg5 74.Nc3 Kg6 75.Ne2 Rf7+ 76.Kg8 Bd5 77.Nf4+ Rxf4+  0-1

[Event "39th Olympiad Men"]
[Site "Khanty-Mansiysk RUS"]
[Date "2010.10.01"]
[Round "10"]
[White "Can,E"]
[Black "Barsov,A"]
[Result "1/2-1/2"]
[WhiteElo "2500"]
[BlackElo "2509"]

1.e4 e6 2.d4 d5 3.Nd2 a6 4.Ngf3 Nf6 5.e5 Nfd7 6.Bd3 c5 7.c3 Nc6 8.O-O g5
9.g4 h5 10.h3 hxg4 11.hxg4 Qb6 12.Qa4 cxd4 13.cxd4 Qa7 14.Re1 Bg7 15.b4 Rh4
16.Nxh4 Qxd4 17.Bb2 Qxb2 18.Nhf3 Qxb4 19.Bc2 Qxa4 20.Bxa4 b5 21.Bb3 Ndxe5
22.Rad1 f6 23.Rc1 Bd7 24.Nxe5 Nxe5 25.Rc3 Bf8 26.Rh3 O-O-O 27.Nf3 Nc4 28.Rh7 Bc5
29.Rd1 Be8 30.Rh6 Be7 31.Nd4 Kd7 32.a4 Ne5 33.axb5 axb5 34.Ra1 Bc5 35.Rh7+ Bf7
36.Nxb5 Rb8 37.Ba4 Ke7 38.Kg2 Nxg4 39.Rc1 Bb6 40.Nd6 Kxd6 41.Rxf7 Bxf2 42.Rc6+ Ke5
43.Bd1 Ne3+ 44.Kxf2 Nxd1+ 45.Ke2 Rb1 46.Ra7 f5 47.Raa6 f4 48.Rxe6+ Kf5 49.Rf6+ Kg4
50.Ra8 f3+ 51.Kd2 Nf2 52.Kc2 Re1 53.Ra3 Re2+ 54.Kc1 Re1+ 55.Kc2 Re2+ 56.Kc1 d4
57.Raxf3 Ne4 58.Rf8 Nc5 59.Kd1 Rg2 60.R3f5 Ne4 61.Re5 Nc3+ 62.Ke1 d3 63.Rxg5+ Kxg5
64.Rg8+ Kf4 65.Rxg2  1/2-1/2

[Event "OIS"]
[Site "Munich GER"]
[Date "2010.10.02"]
[Round "8"]
[White "Kurz,C"]
[Black "De Francesco,K"]
[Result "1/2-1/2"]
[WhiteElo "2141"]
[BlackElo "2290"]

1.e4 e6 2.d4 d5 3.Nd2 a6 4.Bd3 c5 5.dxc5 Nf6 6.Qe2 Bxc5 7.Ngf3 O-O 8.O-O Nc6
9.c3 Be7 10.Re1 Qc7 11.e5 Nd7 12.Nb3 f6 13.exf6 Nxf6 14.Nbd4 Nxd4 15.cxd4 Bd7
16.Bg5 Qb6 17.Ne5 Be8 18.Ng4 Bd7 19.Ne5 Be8 20.Ng4  1/2-1/2

[Event "OIS"]
[Site "Munich GER"]
[Date "2010.10.02"]
[Round "8"]
[White "Koepke,C"]
[Black "Jorczik,J"]
[Result "1/2-1/2"]
[WhiteElo "2358"]
[BlackElo "2398"]

1.e4 e6 2.d4 d5 3.Nd2 Be7 4.Bd3 c5 5.dxc5 Nf6 6.Qe2 O-O 7.Ngf3 a5 8.O-O Na6
9.e5 Nd7 10.c3 Naxc5 11.Bc2 b6 12.Re1 Ba6 13.Qe3 f6 14.b4 fxe5 15.Nxe5 Nxe5
16.bxc5 Bxc5 17.Qxe5 Bxf2+ 18.Kh1 Bxe1 19.Qxe1 e5 20.Ba3 Re8 21.c4 e4 22.cxd5 Bd3
23.Bxd3 exd3 24.Qg3 Qxd5 25.Bb2 Re7 26.h3 Rae8 27.a4 Qd7 28.Nf3 d2 29.Rd1 Qxa4
30.Rxd2 Qb3 31.Bd4 b5 32.Qg5 Qc4 33.Rb2 Rb7 34.Qf5 Rf8 35.Qe4 Rd7 36.Rc2 Qd5
37.Qh4 h6 38.Rc5 Qb3 39.Qg4 Rdf7 40.Ne5 Rf4 41.Qg6 R4f6 42.Qg4 Rf4 43.Qg6 R4f6  1/2-1/2

[Event "39th Olympiad Men"]
[Site "Khanty-Mansiysk RUS"]
[Date "2010.10.03"]
[Round "11"]
[White "Samuelsen,C"]
[Black "Hernandez Guerrero,G"]
[Result "0-1"]
[WhiteElo "2262"]
[BlackElo "2540"]

1.e4 e6 2.d4 d5 3.Nd2 Nc6 4.Ngf3 Nf6 5.e5 Nd7 6.c3 f6 7.exf6 Qxf6 8.Bb5 Bd6
9.Nf1 O-O 10.Ng3 e5 11.Bg5 Qf7 12.Be3 e4 13.Ng5 Qg6 14.Be2 Nf6 15.Qb3 Na5
16.Qa4 b6 17.h4 Bd7 18.Qd1 h6 19.h5 Qe8 20.Nh3 Nc4 21.Bxc4 dxc4 22.Nf4 Bxf4
23.Bxf4 Ng4 24.Be3 Nxe3 25.fxe3 Qe7 26.Qe2 Rae8 27.Qxc4+ Be6 28.d5 Qg5 29.Ne2 Bxd5
30.Qd4 Rd8 31.Nf4 Qg3+ 32.Ke2 Rxf4 33.exf4 Qxg2+ 34.Ke3 Qf3+ 35.Kd2 e3+  0-1

[Event "39th Olympiad Men"]
[Site "Khanty-Mansiysk RUS"]
[Date "2010.10.03"]
[Round "11"]
[White "Chua,Z"]
[Black "Fitzsimons,D"]
[Result "1/2-1/2"]
[WhiteElo "2280"]
[BlackElo "2229"]

1.e4 e6 2.d4 d5 3.Nd2 a6 4.c3 c5 5.exd5 cxd4 6.Qa4+ Qd7 7.Qxd4 exd5 8.Ngf3 Nc6
9.Qd3 g6 10.Be2 Bg7 11.O-O Nge7 12.Nb3 O-O 13.Bf4 Nf5 14.Rad1 Qe7 15.Bg5 Qe4
16.Qd2 b6 17.Qxd5 Qxe2 18.Qxc6 Be6 19.Rd2 Qb5 20.Qxb5 axb5 21.Nbd4 Nxd4 22.Nxd4 Bc4
23.Ra1 b4 24.a3 bxc3 25.bxc3 Ra5 26.Be7 Rfa8 27.Rb1 Bf8 28.Bb4 Bxb4 29.cxb4 Rxa3
30.f3 Rd8 31.Rc1 Rd3 32.Rxd3 Bxd3 33.Nc6 Rd6 34.Kf2 Bb5 35.Na7 Bd7 36.Rc7 Kg7
37.Ke3 Kf6 38.Nc8 Bxc8 39.Rxc8 h5 40.h4 Ke5 41.Rc7 f6 42.Rc4 f5 43.f4+ Ke6
44.Rc3 Ke7 45.Rc7+ Ke6 46.Rc3 Ke7 47.Rd3 Re6+ 48.Kd2 Rc6 49.Rc3 Rd6+ 50.Rd3 Rc6
51.Rd4 Ke6 52.Kd3 Rc1 53.Rc4 Rd1+ 54.Ke3 Kd5 55.Rc8 Rb1 56.Rd8+ Ke6 57.Rd4  1/2-1/2

[Event "Karen Asrian Memorial"]
[Site "Jermuk ARM"]
[Date "2010.10.05"]
[Round "1"]
[White "Ter Sahakyan,S"]
[Black "Antinyan,A"]
[Result "1-0"]
[WhiteElo "2516"]
[BlackElo "2162"]

1.e4 e6 2.d4 d5 3.Nd2 Be7 4.e5 c5 5.Qg4 Kf8 6.Ngf3 Nc6 7.dxc5 Qc7 8.Qg3 Nb4
9.Bd3 Bxc5 10.O-O Ne7 11.Nb3 Bb6 12.Bd2 Nbc6 13.a4 a6 14.a5 Ba7 15.Ra4 Ng6
16.Re1 Bd7 17.Rg4 Be8 18.h4 h5 19.Rg5 Rc8 20.Bc3 Qd8 21.Bxg6 fxg6 22.Qf4+ Kg8
23.Rg3 Ne7 24.Bd4 Bxd4 25.Nbxd4 Nf5 26.Nxf5 gxf5 27.Nd4 Bf7 28.b4 Rc4 29.c3 Kh7
30.Nxf5 Bg6 31.Nd4 Rf8 32.Qd2 Bf5 33.Rg5 g6 34.Re3 Qd7 35.Qe2 Bg4 36.f3 Bf5
37.g4 hxg4 38.fxg4 Bb1 39.Qe1 Be4 40.h5 Qe7 41.Qh4 Rh8 42.Rh3 Rcc8 43.hxg6+ Kg7
44.Qh7+ Rxh7 45.Rxh7+ Kf8 46.g7+ Kg8 47.Rh8+ Kf7 48.g8=Q+ Rxg8 49.Rhxg8  1-0

[Event "Continental Class Ch"]
[Site "Arlington USA"]
[Date "2010.10.07"]
[Round "1"]
[White "Zapata,Alo"]
[Black "Holroyd,Kenneth J"]
[Result "1/2-1/2"]
[WhiteElo "2488"]
[BlackElo "2120"]

1.e4 e6 2.d4 d5 3.Nd2 Nc6 4.Ngf3 Nf6 5.e5 Nd7 6.Bb5 Be7 7.c3 O-O 8.O-O a5
9.Ne1 Na7 10.Bd3 c5 11.f4 cxd4 12.cxd4 Qb6 13.Ndf3 Nc6 14.Be3 a4 15.Rf2 f5
16.Rc1 Nb4 17.Bb1 a3 18.b3 Nb8 19.Nc2 N8c6 20.Nfe1 Bd7 21.g4 Nxc2 22.Rfxc2 Rac8
23.gxf5 exf5 24.Qf3 Nb4 25.Rxc8 Rxc8 26.Rxc8+ Bxc8 27.Qd1 Bd7 28.Ng2 Qg6
29.Bf2 h5 30.h3 Qc6 31.Be1 g6 32.Ne3 Be6 33.Kg2 Kf7 34.Kf3 Ke8 35.Ng2 Kf7
36.Ke3 Qb5 37.Bh4 Bf8 38.Ne1 Qc6 39.Qd2 Ke8 40.Nd3 Nxd3 41.Bxd3 Kf7 42.Be1 Be7
43.Qc3 Qxc3 44.Bxc3 g5 45.Kf3 g4+ 46.hxg4 hxg4+ 47.Ke3 b6 48.Bb5 Bc8 49.b4 Ke6
50.Be1 Bd7 51.Bxd7+  1/2-1/2

[Event "Karen Asrian Memorial"]
[Site "Jermuk ARM"]
[Date "2010.10.07"]
[Round "3"]
[White "Barsegyan,H"]
[Black "Poghosyan,S"]
[Result "0-1"]
[WhiteElo "1950"]
[BlackElo "2335"]

1.e4 e6 2.d4 d5 3.Nd2 Be7 4.Bd3 c5 5.exd5 Qxd5 6.dxc5 Qxg2 7.Be4 Qg5 8.Qf3 Nd7
9.c6 bxc6 10.Bxc6 Rb8 11.Nb3 Qe5+ 12.Ne2 Bg5 13.Bxg5 Qxg5 14.Rg1 Qe5 15.Qg3 Qxg3
16.Rxg3 Ne7 17.Bxd7+ Bxd7 18.O-O-O Bc6 19.Na5 Ba8 20.b3 Rb5 21.Nc4 O-O 22.Rd7 Nc6
23.Nd4 Rh5 24.Nxc6 Bxc6 25.Rxa7 Rxh2 26.Ne5 Bh1 27.Rg1 h5 28.b4 Bd5 29.Nd7 Ra8
30.Rxa8+ Bxa8 31.b5 Rxf2 32.a4 h4 33.a5 h3 34.Rg3 h2 35.Rh3 h1=Q+ 36.Rxh1 Bxh1
37.a6 Be4 38.c3 Rc2+ 39.Kd1 Rxc3 40.b6 Rd3+  0-1

[Event "Karen Asrian Memorial"]
[Site "Jermuk ARM"]
[Date "2010.10.07"]
[Round "3"]
[White "Pluzyan,A"]
[Black "Manukyan,SaV"]
[Result "1/2-1/2"]
[WhiteElo "2089"]
[BlackElo "2223"]

1.e4 e6 2.d4 d5 3.Nd2 Be7 4.Bd3 c5 5.dxc5 Nd7 6.b4 a5 7.Bb2 Bf6 8.Bxf6 Qxf6
9.c6 bxc6 10.bxa5 Rxa5 11.Ngf3 Ne7 12.O-O Ba6 13.a4 O-O 14.Nb3 Bxd3 15.cxd3 Ra6
16.Re1 Qc3 17.exd5 Nxd5 18.Nfd4 Qb4 19.Rc1 c5 20.Rc4 Qb6 21.a5 Qd6 22.Nb5 Qb8
23.Nc3 Nxc3 24.Rxc3 Qd6 25.Qc2 Qd5 26.Ra1 Rc8 27.h3 h6 28.d4 c4 29.Nc5 Nxc5
30.Rxc4 Rac6 31.Rc1 Qd8 32.Rxc5 Rxc5 33.dxc5 Qxa5 34.c6 Qc7 35.Rd1 Qb6 36.Rd6 Kf8
37.g3 Ke8 38.Qa4 Kf8 39.Qh4 Ke8 40.Qg4 Kf8 41.Qc4 Qb1+ 42.Kh2 Qb6 43.Kg2 Ke7
44.Rd7+ Ke8 45.Rd6 Ke7 46.Rd7+ Ke8  1/2-1/2

[Event "Schachbundesliga 2010-11"]
[Site "Aue GER"]
[Date "2010.10.08"]
[Round "7"]
[White "Oral,T"]
[Black "Renner,Christo"]
[Result "1-0"]
[WhiteElo "2533"]
[BlackElo "2420"]

1.e4 e6 2.d4 d5 3.Nd2 Be7 4.Ngf3 Nf6 5.e5 Nfd7 6.Bd3 c5 7.c3 b6 8.Qe2 a5
9.Bb5 Ba6 10.a4 Qc8 11.O-O O-O 12.c4 Nc6 13.cxd5 exd5 14.b3 cxd4 15.Bb2 Bc5
16.e6 Nf6 17.Ng5 fxe6 18.Qxe6+ Qxe6 19.Nxe6 Bxb5 20.axb5 Na7 21.Nxc5 bxc5
22.Rxa5 Nxb5 23.Rxb5 Ra2 24.Rb1 Rc8 25.Nf3 d3 26.Bxf6 gxf6 27.g3 d2 28.Rd1 c4
29.Nxd2 c3 30.Rxd5 Rb2 31.Rc1 Kf7 32.Ne4 c2 33.Nd2 Rc3 34.Kg2 Ke6 35.Rd4 Ke5
36.Rc4 Rbxb3 37.Rxc2  1-0

[Event "4NCL Team Rapid"]
[Site "Newport Pagnell ENG"]
[Date "2010.10.09"]
[Round "4"]
[White "Rudd,J"]
[Black "Rendle,T"]
[Result "1-0"]
[WhiteElo "2251"]
[BlackElo "2400"]

1.e4 e6 2.d4 d5 3.Nd2 a6 4.Ngf3 Nf6 5.Bd3 c5 6.dxc5 dxe4 7.Bxe4 Bxc5 8.Bd3 Nc6
9.a3 O-O 10.Qe2 Ba7 11.Nb3 e5 12.Bg5 h6 13.Bh4 e4 14.Bxe4 Re8 15.Bxf6 Qxf6
16.O-O-O Bf5 17.Nfd2 Bxe4 18.Nxe4 Qe6 19.Rhe1 f5 20.Ng3 Qxe2 21.Rxe2 Rxe2
22.Nxe2 Bxf2 23.Rd7 Rb8 24.Kb1 Be3 25.Ng3 g6 26.Nc1 Rd8 27.Rxb7 Rd1 28.Ne2 f4
29.c3 Ne5 30.Kc2 Rh1 31.Re7 Ng4 32.h3 Nf2 33.Nd3 Nxd3 34.Kxd3 Rh2 35.g3 Rxh3
36.Re4 g5 37.gxf4 Bxf4+ 38.Kc4 Bh2 39.b4 h5 40.Re6 g4 41.Rxa6 Re3 42.Nd4 Kh7
43.Nf5 Re4+ 44.Kd3 Rf4 45.Rh6+ Kg8 46.Rxh5 g3 47.Nxg3 Rf3+ 48.Ke4 Rxg3 49.Rxh2 Rxc3
50.b5 Rb3 51.a4 Kf7 52.Kd5 Ke7 53.Kc6 Rc3+ 54.Kb7 Kd6 55.b6 Rb3 56.a5 Kd5  1-0

[Event "TCh-ISL Div 1 2010-11"]
[Site "Reykjavik ISL"]
[Date "2010.10.09"]
[Round "3.2"]
[White "Olafsson,Thorv"]
[Black "Steingrimsson,H"]
[Result "0-1"]
[WhiteElo "2205"]
[BlackElo "2550"]

1.e4 e6 2.d4 d5 3.Nd2 Be7 4.Ngf3 Nf6 5.Bd3 c5 6.dxc5 a5 7.O-O O-O 8.exd5 Qxd5
9.Qe2 Nbd7 10.Ne4 Nxc5 11.Nxc5 Qxc5 12.Be3 Qc7 13.Bd4 Rd8 14.c3 Bd7 15.Ne5 Be8
16.Rfe1 Bc5 17.Bxc5 Qxc5 18.Rad1 Rd5 19.Bc2 Rad8 20.Bb3 Rxd1 21.Rxd1 Rc8
22.a3 Kf8 23.Ba2 Ke7 24.h3 Rd8 25.Rxd8 Kxd8 26.Qe3 Qxe3 27.fxe3 a4 28.Kf2 Ne4+
29.Ke2 f6 30.Nf3 e5 31.Bb1 Bg6 32.Ke1 Nc5 33.Bxg6 hxg6 34.Kd2 g5 35.c4 Kd7
36.Kc3 Kd6 37.Kb4 g6 38.Kb5 e4 39.Nd4 f5 40.Ne2 Nd3 41.Nc3 Nxb2 42.c5+ Ke5
43.Kb6 f4 44.Kxb7 f3 45.Nxe4 fxg2 46.Nxg5 Kd5 47.Nf3 Kxc5 48.e4 Nc4 49.Ka6 Nd2  0-1

[Event "Schachbundesliga 2010-11"]
[Site "Baden-Baden GER"]
[Date "2010.10.10"]
[Round "2"]
[White "Bindrich,F"]
[Black "Nikolic,Pr"]
[Result "1/2-1/2"]
[WhiteElo "2507"]
[BlackElo "2597"]

1.e4 e6 2.d4 d5 3.Nd2 a6 4.Ngf3 c5 5.exd5 exd5 6.dxc5 Bxc5 7.Bd3 Qe7+ 8.Qe2 Nc6
9.Nb3 Bb6 10.c3 Bg4 11.O-O Qxe2 12.Bxe2 Nf6 13.h3 Bh5 14.g4 Bg6 15.Nbd4 Nxd4
16.Nxd4 h5 17.Bf4 O-O-O 18.f3 hxg4 19.hxg4 Rh3 20.Rf2 Rdh8 21.Rh2 Rxh2 22.Bxh2 Ne8
23.Kg2 Bc7 24.Bxc7 Nxc7 25.Kg3 Kd7 26.Rd1 Ke7 27.Bf1 Ne6 28.Ne2 Rd8 29.Bg2 Bc2
30.Rd2 Bb1 31.a3 g5 32.f4 gxf4+ 33.Nxf4 Nxf4 34.Kxf4 Ba2 35.a4 b6 36.Bf1 a5
37.Bb5 Rd6 38.Re2+  1/2-1/2

[Event "Schachbundesliga 2010-11"]
[Site "Wattenscheid GER"]
[Date "2010.10.10"]
[Round "2"]
[White "Haslinger,S"]
[Black "Mchedlishvili,M"]
[Result "0-1"]
[WhiteElo "2543"]
[BlackElo "2628"]

1.e4 e6 2.d4 d5 3.Nd2 Be7 4.Ngf3 Nf6 5.e5 Nfd7 6.Bd3 c5 7.c3 Nc6 8.O-O g5
9.dxc5 g4 10.Nd4 Ndxe5 11.N2b3 Nxd3 12.Qxd3 e5 13.Nxc6 bxc6 14.Bh6 f6 15.f3 gxf3
16.Qxf3 Rg8 17.Qh5+ Rg6 18.Be3 Qd7 19.h3 Ba6 20.Rf2 O-O-O 21.Rd1 Rdg8 22.g4 Qe8
23.Kh1 Bd8 24.Nc1 Kb8 25.Ne2 f5 26.Qxf5 h5 27.g5 Bxg5 28.Bxg5 Rxg5 29.Qf6 Bxe2
30.Rxe2 R8g6 31.Qf2 Qe6 32.Qh4 Qg8 33.Rf1 e4 34.Qf4+ Kb7 35.Qf7+ Qxf7 36.Rxf7+ Ka6
37.Kh2 Kb5 38.Rxa7 Kxc5 39.Ra4 Rg3 40.Rb4 Rd3 41.a4 h4 42.a5 Rgg3 43.a6 Rxh3+
44.Kg2 Rdg3+ 45.Kf2 e3+ 46.Rxe3 Rxe3 47.a7 Rhf3+ 48.Kg1 Re1+ 49.Kg2 Rg3+
50.Kf2 Ra1 51.Rb7 Rg6  0-1

[Event "Continental Class Ch"]
[Site "Arlington USA"]
[Date "2010.10.11"]
[Round "8"]
[White "Betaneli,A"]
[Black "Savage,A"]
[Result "0-1"]
[WhiteElo "2274"]
[BlackElo "2145"]

1.d4 e6 2.e4 d5 3.Nd2 Be7 4.Ngf3 Nf6 5.Bd3 c5 6.e5 Nfd7 7.c3 b6 8.Qe2 a5
9.O-O Ba6 10.dxc5 bxc5 11.c4 O-O 12.Re1 Nc6 13.cxd5 Bxd3 14.Qxd3 Nb4 15.Qb1 exd5
16.a3 Na6 17.Qd3 Nc7 18.Nf1 c4 19.Qf5 Nc5 20.Rd1 Qc8 21.Ne3 Nb3 22.Rb1 Qe6
23.Qh5 Rfe8 24.Nf5 Bc5 25.Bf4 Qg6 26.Qxg6 hxg6 27.Nd6 Reb8 28.Bg3 a4 29.Re1 Rb6
30.Ng5 Ne6 31.Ndxf7 Nbd4 32.Nxe6 Nxe6 33.Nd6 Rab8 34.Rbd1 Rxb2 35.Rxd5 c3
36.Rd3 Rb1 37.Kf1 c2 38.Rc3 R8b2 39.Nc4 Ra2 40.Ne3 Rxa3 41.Rxc2 Raa1 42.Rxb1 Rxb1+
43.Ke2 Nd4+ 44.Kd3 Nxc2 45.Kxc2 Rb7 46.e6 a3 47.Nd5 Bd4 48.Nc7 Rxc7+ 49.Kb3  0-1

[Event "I Memorial Oliver Gonzalez"]
[Site "Madrid ESP"]
[Date "2010.10.11"]
[Round "3"]
[White "Gomez Gonzalez,Ja"]
[Black "Del Rio de Angelis,S"]
[Result "0-1"]
[WhiteElo "2016"]
[BlackElo "2515"]

1.e4 e6 2.d4 d5 3.Nd2 Nc6 4.c3 e5 5.Ngf3 exd4 6.cxd4 dxe4 7.Nxe4 Bb4+ 8.Bd2 Qe7
9.Qe2 Bg4 10.a3 Bxf3 11.gxf3 Bxd2+ 12.Nxd2 Nxd4 13.Qxe7+ Nxe7 14.O-O-O O-O
15.Nc4 Rad8 16.Bd3 Nec6 17.f4 Rfe8 18.Kb1 Ne6 19.f5 Nf4 20.Bc2 Nd4 21.Rhe1 Rxe1
22.Rxe1 Nd5 23.Rd1 Nxf5 24.Ne3 Nfxe3 25.fxe3 Rd6 26.Re1 Nb6 27.Re2 Nd7 28.Be4 c6
29.Kc2 Ne5 30.Bf5 Rd8 31.Kc3 g6 32.Bc2 Kf8 33.b4 Ke7 34.a4 f5 35.b5 cxb5
36.axb5 Rc8+ 37.Kd4 Kd6 38.Bb3 Rc5 39.Bg8 Rxb5 40.Bxh7 Rb3  0-1

[Event "I Memorial Oliver Gonzalez"]
[Site "Madrid ESP"]
[Date "2010.10.11"]
[Round "3"]
[White "Garcia Ruido,R"]
[Black "Valles Moreno,I"]
[Result "0-1"]
[WhiteElo "2061"]
[BlackElo "2403"]

1.e4 e6 2.d4 d5 3.Nd2 a6 4.Ngf3 c5 5.exd5 exd5 6.dxc5 Bxc5 7.Nb3 Bb6 8.Be2 Nf6
9.O-O O-O 10.Bg5 Nc6 11.Nfd4 Re8 12.Re1 Qd6 13.Qd3 Ne4 14.Be3 Bc7 15.g3 Qg6
16.Nxc6 bxc6 17.Kg2 f5 18.f4 h5 19.Nd2 h4 20.Nxe4 fxe4 21.Qd2 hxg3 22.hxg3 Bb7
23.c4 Rad8 24.cxd5 cxd5 25.Qd4 Bd6 26.Kf2 Ba8 27.Rh1 Rc8 28.Rac1 Rxc1 29.Rxc1 Be7
30.Qa7 Bf6 31.Rd1 Qf5 32.Bd4 e3+ 33.Bxe3 Qh3 34.Bd4 Qh2+  0-1